Die Geschichte der Abteilung Kairo des DAI im Spannungsfeld deutscher politischer Interessen /

محفوظ في:

المؤلف الرئيسي: Voss, Susanne (مؤلف)

التنسيق: كتاب

اللغة: German

منشور في: Rahden/Westf : VML, Verlag Marie Leidorf, c2013-2017.

سلاسل: Menschen, Kulturen, Traditionen, 8.

الموضوعات:

الوسوم: إضافة وسم

لا توجد وسوم, كن أول من يضع وسما على هذه التسجيلة!

رقم الطلب: DT57 .D487 V67 v.1-2

LEADER 01388namaa2200349 4500
001 23900
003 OSt
005 20260427101224.0
008 130303m20132017gw a b 001 0 ger d
020 |a 9783867573887  |q (v. 1) 
020 |a 9783867573962   |q (v. 2) 
040 |c ARCE Library 
043 |a e-gx---   |a f-ua---  
050 4 |a DT57 .D487 V67 v.1-2 
100 1 |a Voss, Susanne,   |e author 
245 1 4 |a Die Geschichte der Abteilung Kairo des DAI im Spannungsfeld deutscher politischer Interessen /   |c Susanne Voss.  
264 1 |a Rahden/Westf :   |b VML, Verlag Marie Leidorf,   |c c2013-2017. 
300 |a 2 volumes :   |b illustrations ;   |c 30 cm. 
490 1 |a Menschen, Kulturen, Traditionen,   |x 2193-5300 ;   |v 8. 
500 |a "Forschungscluster 5, Geschichte des Deutschen Archäologischen Instituts im 20. Jahrhundert." 
504 |a Includes bibliographical references and index.  
505 1 |a Bd. 1. 1881-1929 -- Bd. 2. 1929-1966. 
610 2 0 |a Deutsches Archäologisches Institut.  |b Abteilung Kairo  |x History.  
650 0 |a Archaeology  |x Study and teaching   |z Germany  |x History.  
650 0 |a Archaeology and state  |z Germany.  
651 0 |a Egypt  |x Antiquities.  
651 0 |a Egypt   |x Relations   |z Germany. 
651 0 |a Germany   |x Relations   |z Egypt. 
830 0 |a Menschen, Kulturen, Traditionen,   |x 2193-5300 ;   |v 8.  
901 |a reviewed 
942 |c BK  |2 lcc 
999 |c 20833  |d 20833